The Life our Lord Jesus Christ / (Record no. 291219)
[ view plain ]
| 000 -LEADER | |
|---|---|
| fixed length control field | 00511nam a2200193Ia 4500 |
| 008 - FIXED-LENGTH DATA ELEMENTS--GENERAL INFORMATION | |
| fixed length control field | 160303s9999 xx 000 0 und d |
| 020 ## - INTERNATIONAL STANDARD BOOK NUMBER | |
| International Standard Book Number | 971-23-1930-X |
| 050 ## - LIBRARY OF CONGRESS CALL NUMBER | |
| Classification number | FIL BT 340 |
| 050 ## - LIBRARY OF CONGRESS CALL NUMBER | |
| Item number | .L54 1998 |
| 245 #4 - TITLE STATEMENT | |
| Title | The Life our Lord Jesus Christ / |
| 245 ## - TITLE STATEMENT | |
| Statement of responsibility, etc | aranged, edited and published by Juan M.H. Ledesma. |
| 260 ## - PUBLICATION, DISTRIBUTION, ETC. (IMPRINT) | |
| Place of publication, distribution, etc | Makati City: |
| 260 ## - PUBLICATION, DISTRIBUTION, ETC. (IMPRINT) | |
| Name of publisher, distributor, etc | St. Paul Press. |
| 260 ## - PUBLICATION, DISTRIBUTION, ETC. (IMPRINT) | |
| Date of publication, distribution, etc | 1998 |
| 300 ## - PHYSICAL DESCRIPTION | |
| Extent | 403 pages : |
| 300 ## - PHYSICAL DESCRIPTION | |
| Other physical details | illustrations ; |
| 300 ## - PHYSICAL DESCRIPTION | |
| Dimensions | 17 cm. |
| 650 ## - SUBJECT ADDED ENTRY--TOPICAL TERM | |
| Topical term or geographic name as entry element | Jesus Christ, Life. |
| Withdrawn status | Lost status | Damaged status | Home library | Current library | Shelving location | Date acquired | Total Checkouts | Full call number | Barcode | Date last seen | Price effective from | Koha item type |
|---|---|---|---|---|---|---|---|---|---|---|---|---|
| South Mansfield College | South Mansfield College | Filipiniana Section | 01/11/2008 | FIL BT 340 .L54 1998 | SMC04676 | 03/03/2016 | 03/03/2016 |